[Event "Lac Beauport"]
[Site "Lac Beauport CAN"]
[Date "2000.11.11"]
[Round "2"]
[White "Roussel-Roozmon, Thomas"]
[Black "Moskvitch, Andrei"]
[Result "1-0"]
[WhiteElo "2108"]
[BlackElo "2195"]
[PlyCount "113"]
[EventDate "2000.11.10"]
[EventType "swiss"]
[EventRounds "5"]
[EventCountry "CAN"]

1. d4 Nf6 2. c4 e6 3. Nc3 d5 4. Bg5 Be7 5. Nf3 O-O 6. e3 b6 7. Bd3 c5 8. O-O
Bb7 9. cxd5 exd5 10. dxc5 bxc5 11. Rc1 Nbd7 12. Bb1 Rc8 13. Qd3 Qb6 14. Qc2 d4
15. Na4 Qa5 16. b3 c4 17. Bxf6 Nxf6 18. Nxd4 Qg5 19. f4 Qd5 20. Nc3 Qc5 21. Qf5
cxb3 22. axb3 Qb4 23. Nd5 Bxd5 24. Rxc8 Qd2 25. Rxf8+ Bxf8 26. Qh3 Be4 27. Bxe4
Nxe4 28. Qf3 Nc5 29. Qf2 Qd3 30. Qe2 Qxe2 31. Nxe2 Nxb3 32. Nd4 Nxd4 33. exd4
a5 34. Ra1 Bb4 35. Kf2 Kf8 36. Ke3 Ke7 37. d5 f5 38. Kd4 Kd7 39. Ra2 g6 40. Kc4
Kd6 41. g3 Kd7 42. Re2 Be7 43. Kb5 Bb4 44. Re6 Bd2 45. Ra6 Be3 46. Rxa5 Bg1 47.
Ra2 Kd6 48. Kc4 Kd7 49. Rg2 Ba7 50. Rb2 Kc7 51. h3 Be3 52. Re2 Bg1 53. Re7+ Kc8
54. d6 Bh2 55. Kd5 Bxg3 56. Kc6 Kd8 57. Rxh7 1-0

[Event "Lac Beauport"]
[Site "Lac Beauport CAN"]
[Date "2000.11.11"]
[Round "3"]
[White "Duong, Thanh Nha"]
[Black "Roussel-Roozmon, Thomas"]
[Result "0-1"]
[WhiteElo "2388"]
[BlackElo "2108"]
[PlyCount "150"]
[EventDate "2000.11.10"]
[EventType "swiss"]
[EventRounds "5"]
[EventCountry "CAN"]

1. d4 Nf6 2. c4 e6 3. Nf3 Bb4+ 4. Nc3 b6 5. Bg5 Bb7 6. e3 h6 7. Bh4 g5 8. Bg3
Ne4 9. Qc2 Bxc3+ 10. bxc3 d6 11. Bd3 f5 12. d5 exd5 13. cxd5 Bxd5 14. Nd4 Qf6
15. f3 Nxg3 16. hxg3 Qe5 17. Kf2 Nd7 18. Bxf5 Nc5 19. Rae1 Kf7 20. c4 Bb7 21.
Bg4 Raf8 22. Nb3 Be4 23. fxe4 Nxe4+ 24. Kg1 Kg7 25. Qd1 Nf2 26. Qd4 Nxh1 27.
Kxh1 Rf2 28. Re2 Rhf8 29. Qxe5+ dxe5 30. Kh2 Kg6 31. Nc1 Rf1 32. Nd3 h5 33.
Nxe5+ Kh6 34. Bd7 g4 35. e4 Kg5 36. Rd2 Re1 37. Rd5 Rxe4 38. Nxg4+ Kg6 39. Ne5+
Kh6 40. g4 hxg4 41. Nxg4+ Kg7 42. c5 Rd8 43. c6 Rxg4 44. Re5 Rh8+ 45. Kg1 Rf4
46. g4 Kf6 47. Re6+ Kf7 48. Re2 Rh4 49. Rd2 Kf6 50. Rc2 Rhxg4+ 51. Bxg4 Rxg4+
52. Kf2 Re4 53. Kf3 Re5 54. Rh2 Ke6 55. Kf4 Rc5 56. Ke4 Rc4+ 57. Kd3 Rxc6 58.
Rh8 Rc1 59. Rh6+ Kd5 60. Rh5+ Kc6 61. Rh2 Kb5 62. Kd2 Rc5 63. Rh4 Rc4 64. Rh3
c5 65. Kd3 Ra4 66. Rh2 Rg4 67. Rb2+ Kc6 68. Rh2 Kb5 69. Rb2+ Ka4 70. Kc3 b5 71.
Rh2 a5 72. Kb2 c4 73. Rh3 b4 74. Rh2 c3+ 75. Kc2 Ka3 0-1

[Event "Lac Beauport"]
[Site "Lac Beauport CAN"]
[Date "2000.11.12"]
[Round "4"]
[White "Roussel-Roozmon, Thomas"]
[Black "Chabot, Roland"]
[Result "1-0"]
[WhiteElo "2108"]
[BlackElo "2263"]
[PlyCount "86"]
[EventDate "2000.11.10"]
[EventType "swiss"]
[EventRounds "5"]
[EventCountry "CAN"]

1. d4 Nf6 2. c4 d6 3. Nc3 Nbd7 4. e4 e5 5. d5 Be7 6. Be3 O-O 7. f3 c6 8. Bd3 a5
9. Nge2 Nc5 10. O-O Bd7 11. b3 Qb8 12. a3 Nxd3 13. Qxd3 cxd5 14. cxd5 b5 15. b4
axb4 16. axb4 Qb7 17. Rfb1 Rfb8 18. Nc1 Bd8 19. Nb3 Rxa1 20. Rxa1 Ra8 21. Qf1
Ra6 22. Rxa6 Qxa6 23. Qa1 Qb7 24. Kf2 h6 25. Ke2 Ne8 26. Qa7 Qc8 27. Kd2 Bg5
28. Bxg5 hxg5 29. g4 Qc7 30. Qa5 Qb8 31. Qa6 Qd8 32. Kc2 Kh7 33. Na5 Bc8 34.
Qxb5 Bd7 35. Qb7 Nf6 36. Nc6 Qh8 37. b5 Kg6 38. b6 Qxh2+ 39. Kb3 Qf2 40. Qa6
Be8 41. b7 Nd7 42. Nxe5+ Nxe5 43. b8=Q f6 1-0

[Event "Lac Beauport"]
[Site "Lac Beauport CAN"]
[Date "2000.11.12"]
[Round "5"]
[White "Roussel-Roozmon, Thomas"]
[Black "Mikanovic, Goran"]
[Result "0-1"]
[WhiteElo "2108"]
[BlackElo "2316"]
[PlyCount "80"]
[EventDate "2000.11.10"]
[EventType "swiss"]
[EventRounds "5"]
[EventCountry "CAN"]

1. d4 Nf6 2. c4 e6 3. Nc3 Bb4 4. f3 d5 5. a3 Bxc3+ 6. bxc3 c5 7. cxd5 Nxd5 8.
dxc5 f5 9. e3 O-O 10. c4 Qf6 11. Qd4 Nc6 12. Qxf6 Nxf6 13. Bb2 Nd7 14. Ne2 Nxc5
15. Nd4 Bd7 16. Kf2 Rae8 17. Nxc6 Bxc6 18. Bd4 b6 19. Bxc5 bxc5 20. Be2 Kf7 21.
Rab1 Rb8 22. Bd3 Kf6 23. Rxb8 Rxb8 24. Rb1 Rd8 25. Ke2 g5 26. Bc2 h5 27. Rd1
Rc8 28. g3 g4 29. e4 gxf3+ 30. Kxf3 Ke5 31. Ke3 Bxe4 32. Bxe4 fxe4 33. Rd7 Rb8
34. Rxa7 Rb3+ 35. Ke2 Kd4 36. Re7 Rxa3 37. Rxe6 Ra2+ 38. Kf1 Rxh2 39. Rh6 e3
40. g4 Rf2+ 0-1

[Event "Quebec op"]
[Site "Montreal CAN"]
[Date "2000.07.22"]
[Round "1"]
[White "Moss, Laurent"]
[Black "Roussel-Roozmon, Thomas"]
[Result "1/2-1/2"]
[WhiteElo "2035"]
[BlackElo "2094"]
[PlyCount "82"]
[EventDate "2000.07.22"]
[EventType "swiss"]
[EventRounds "9"]
[EventCountry "CAN"]

1. Nf3 Nf6 2. g3 d5 3. Bg2 Bf5 4. O-O e6 5. d3 h6 6. Nbd2 Nbd7 7. c4 c6 8. b3
Bd6 9. Bb2 O-O 10. Re1 Bh7 11. e4 dxe4 12. Nxe4 Bb4 13. Nc3 Nc5 14. d4 Nd3 15.
Qd2 Nxe1 16. Rxe1 Ne4 17. Qe3 Nxc3 18. Bxc3 Bxc3 19. Qxc3 Qd6 20. c5 Qc7 21.
Ne5 Rad8 22. Bh3 Bf5 23. g4 Bh7 24. Qe3 f6 25. Nc4 e5 26. Nd6 exd4 27. Qxd4 b6
28. b4 bxc5 29. bxc5 Rb8 30. Bf1 Rb1 31. Re3 Qd7 32. Kg2 Kh8 33. Bc4 Bg8 34.
Bxg8 Rxg8 35. Qe4 Rb2 36. Qg6 Rf8 37. Nf5 Qf7 38. Ne7 Rb7 39. Qe4 Rd8 40. Ng6+
Kg8 41. Ne7+ Kh8 1/2-1/2

[Event "Quebec op"]
[Site "Montreal CAN"]
[Date "2000.07.23"]
[Round "3"]
[White "Tessier, Olivier"]
[Black "Roussel-Roozmon, Thomas"]
[Result "0-1"]
[WhiteElo "2061"]
[BlackElo "2094"]
[PlyCount "54"]
[EventDate "2000.07.22"]
[EventType "swiss"]
[EventRounds "9"]
[EventCountry "CAN"]

1. c4 e5 2. Nc3 Nc6 3. g3 g6 4. Bg2 Bg7 5. e3 Nge7 6. Nge2 d6 7. O-O O-O 8. Rb1
Be6 9. Nd5 Qd7 10. b4 Rfe8 11. b5 Nd8 12. Bb2 c6 13. Nxe7+ Rxe7 14. bxc6 Nxc6
15. Bd5 Bf5 16. d3 Nb4 17. Bxe5 Nxd5 18. Bxg7 Nxe3 19. fxe3 Kxg7 20. Nd4 Bh3
21. Re1 d5 22. Rb5 dxc4 23. dxc4 Qg4 24. Qb1 b6 25. Qb2 Kg8 26. Qf2 Rae8 27.
Rb3 Qxd4 0-1

[Event "Quebec op"]
[Site "Montreal CAN"]
[Date "2000.07.24"]
[Round "4"]
[White "Roussel-Roozmon, Thomas"]
[Black "Berezovich, Mikhail"]
[Result "1/2-1/2"]
[WhiteElo "2094"]
[BlackElo "2164"]
[PlyCount "65"]
[EventDate "2000.07.22"]
[EventType "swiss"]
[EventRounds "9"]
[EventCountry "CAN"]

1. d4 Nf6 2. c4 g6 3. Nc3 Bg7 4. e4 d6 5. f3 O-O 6. Be3 e5 7. Nge2 c6 8. Qd2
Nbd7 9. O-O-O a6 10. d5 c5 11. Bh6 b5 12. Kb1 bxc4 13. g4 Ne8 14. Ng3 Bf6 15.
g5 Bg7 16. Bxg7 Nxg7 17. Bxc4 f5 18. gxf6 Nxf6 19. Nce2 Nfh5 20. Nxh5 Nxh5 21.
Rdf1 Bh3 22. Rf2 Qh4 23. Qe3 g5 24. Rc1 Bd7 25. Rc3 h6 26. Rg2 Rf7 27. Qf2 Qxf2
28. Rxf2 Nf6 29. Rg2 Raf8 30. Re3 Ne8 31. Rf2 Nc7 32. Nc3 Kh8 33. Be2 1/2-1/2

[Event "Quebec op"]
[Site "Montreal CAN"]
[Date "2000.07.25"]
[Round "5"]
[White "Lazarev, Vladimir"]
[Black "Roussel-Roozmon, Thomas"]
[Result "1-0"]
[WhiteElo "2518"]
[BlackElo "2094"]
[PlyCount "89"]
[EventDate "2000.07.22"]
[EventType "swiss"]
[EventRounds "9"]
[EventCountry "CAN"]

1. d4 Nf6 2. c4 e6 3. Nc3 Bb4 4. Qc2 c5 5. dxc5 O-O 6. a3 Bxc5 7. Nf3 Nc6 8.
Bg5 Nd4 9. Nxd4 Bxd4 10. e3 Qa5 11. exd4 Qxg5 12. Qd2 Qxd2+ 13. Kxd2 d6 14. f3
b6 15. b4 Bb7 16. Bd3 e5 17. d5 Ne8 18. a4 Nc7 19. Rhb1 g6 20. b5 f5 21. a5
Rab8 22. axb6 axb6 23. Ra7 Rf7 24. Na2 Bc8 25. Nb4 Rb7 26. Ra3 Kg7 27. Nc6 Rd7
28. Rba1 Kf7 29. g3 Kf6 30. f4 e4 31. Be2 Kf7 32. g4 Kf6 33. Rg1 Rg7 34. g5+
Kf7 35. Nd8+ Ke8 36. Nxb7 Bxb7 37. Ra7 Bc8 38. h4 Kf8 39. h5 Re7 40. Ra3 Rg7
41. Rh1 Kg8 42. hxg6 hxg6 43. Rah3 Ne8 44. Rh8+ Kf7 45. Ra1 1-0

[Event "Quebec op"]
[Site "Montreal CAN"]
[Date "2000.07.26"]
[Round "6"]
[White "Roussel-Roozmon, Thomas"]
[Black "Beaulieu, Pierre"]
[Result "1-0"]
[WhiteElo "2094"]
[BlackElo "2193"]
[PlyCount "57"]
[EventDate "2000.07.22"]
[EventType "swiss"]
[EventRounds "9"]
[EventCountry "CAN"]

1. d4 Nf6 2. c4 c5 3. d5 b5 4. cxb5 a6 5. b6 Qxb6 6. Nc3 g6 7. Nf3 d6 8. Nd2
Bg7 9. e4 Nbd7 10. Be2 Rb8 11. a4 O-O 12. a5 Qc7 13. Nc4 Rb4 14. Ra4 Ne8 15.
O-O Ne5 16. Nb6 Rd4 17. Qc2 f5 18. Nxc8 Qxc8 19. f4 Nd7 20. exf5 gxf5 21. Be3
Rxa4 22. Qxa4 Nb8 23. Rc1 Qb7 24. b3 Nc7 25. Bc4 Bxc3 26. Rxc3 e6 27. dxe6 d5
28. Bxc5 dxc4 29. Rg3+ 1-0

[Event "Quebec op"]
[Site "Montreal CAN"]
[Date "2000.07.27"]
[Round "7"]
[White "Goldenberg, Danny"]
[Black "Roussel-Roozmon, Thomas"]
[Result "1-0"]
[WhiteElo "2317"]
[BlackElo "2094"]
[PlyCount "107"]
[EventDate "2000.07.22"]
[EventType "swiss"]
[EventRounds "9"]
[EventCountry "CAN"]

1. e4 c6 2. d4 d5 3. Nd2 dxe4 4. Nxe4 Bf5 5. Ng3 Bg6 6. h4 h6 7. Nf3 Nd7 8. h5
Bh7 9. Bd3 Bxd3 10. Qxd3 e6 11. Bd2 Qc7 12. O-O-O Ngf6 13. Qe2 O-O-O 14. Ne5
Nxe5 15. dxe5 Nd5 16. c4 Nb6 17. Ba5 Be7 18. f4 Rxd1+ 19. Rxd1 Rd8 20. Ne4 c5
21. b3 Rxd1+ 22. Qxd1 Qd7 23. Bxb6 axb6 24. Qxd7+ Kxd7 25. Kd2 Kc6 26. Nc3 f6
27. exf6 Bxf6 28. Nb5 Kd7 29. Kd3 Ba1 30. Ke4 Bb2 31. a4 Kc6 32. g4 Kd7 33. f5
exf5+ 34. Kxf5 Bf6 35. Na3 Ke7 36. Nc2 Bg5 37. Ne1 Bh4 38. Nf3 Bf6 39. Nd2 Bc3
40. Ne4 Bd4 41. Kg6 Be5 42. a5 bxa5 43. Nxc5 b6 44. Nd3 Bd4 45. Nf4 Kd6 46. Kf7
Bb2 47. Ne6 Kc6 48. Nxg7 Kc5 49. g5 Bc1 50. g6 Bb2 51. Ne8 Bh8 52. Nf6 Kb4 53.
Nd5+ Kxb3 54. Nxb6 1-0

[Event "Quebec op"]
[Site "Montreal CAN"]
[Date "2000.07.28"]
[Round "8"]
[White "Roussel-Roozmon, Thomas"]
[Black "Grondin, Jean-Philippe"]
[Result "1/2-1/2"]
[WhiteElo "2094"]
[BlackElo "2107"]
[PlyCount "83"]
[EventDate "2000.07.22"]
[EventType "swiss"]
[EventRounds "9"]
[EventCountry "CAN"]

1. d4 d5 2. Nf3 Nc6 3. Bf4 Nf6 4. c4 dxc4 5. e3 Nd5 6. Bg5 Nb6 7. Nbd2 Qd5 8.
Qc1 Bg4 9. e4 Qa5 10. Be3 Bxf3 11. gxf3 e5 12. d5 Nd4 13. Bxd4 exd4 14. Bxc4
Bb4 15. Bd3 c6 16. a3 Bxd2+ 17. Qxd2 Qxd2+ 18. Kxd2 cxd5 19. exd5 O-O 20. Rhe1
Nxd5 21. Re4 Rad8 22. Rxd4 Nc7 23. Rxd8 Rxd8 24. Ke2 Ne6 25. Be4 Rc8 26. Kd3 g6
27. Ke3 Re8 28. Rc1 Kg7 29. Bd5 Nc5+ 30. Kd4 Ne6+ 31. Bxe6 Rxe6 32. Rc7 Rb6 33.
b4 Ra6 34. Rxb7 Rxa3 35. b5 Kf6 36. Kd5 h5 37. Kd6 Ra5 38. f4 h4 39. Kc6 h3 40.
Rd7 Ra3 41. Kb7 Ra5 42. Kc6 1/2-1/2

[Event "Quebec op"]
[Site "Montreal CAN"]
[Date "2000.07.29"]
[Round "9"]
[White "Nicula, Marius"]
[Black "Roussel-Roozmon, Thomas"]
[Result "1/2-1/2"]
[WhiteElo "2225"]
[BlackElo "2094"]
[PlyCount "116"]
[EventDate "2000.07.22"]
[EventType "swiss"]
[EventRounds "9"]
[EventCountry "CAN"]

1. e4 e5 2. Nf3 Nc6 3. Bb5 a6 4. Ba4 Nf6 5. d3 b5 6. Bb3 d6 7. c3 Be7 8. Nbd2
Na5 9. Bc2 c5 10. Nf1 Qc7 11. Ne3 O-O 12. h3 Bb7 13. Nf5 c4 14. Nd2 cxd3 15.
Bxd3 Nc4 16. Qe2 d5 17. exd5 Nxd2 18. Bxd2 Bxd5 19. O-O Rfe8 20. Nxe7+ Qxe7 21.
Rfe1 Qb7 22. f3 Rac8 23. Qf2 Qd7 24. Bf1 e4 25. f4 Bc4 26. Be3 Nd5 27. Bxc4
bxc4 28. Rad1 Qb5 29. Bd4 Rcd8 30. f5 f6 31. Qc2 e3 32. Bxe3 Nxe3 33. Rxd8 Rxd8
34. Rxe3 Qc5 35. Qf2 Rd1+ 36. Kh2 Qd6+ 37. Qg3 Qxg3+ 38. Kxg3 Rd2 39. Re4 Rxb2
40. a4 g6 41. fxg6 hxg6 42. Rxc4 Rc2 43. Rc7 Ra2 44. Rc6 Rxa4 45. Rxf6 Kg7 46.
Rc6 Ra2 47. Kf4 Rxg2 48. Rxa6 Rh2 49. Kg4 Rc2 50. Rc6 Rg2+ 51. Kf4 Rh2 52. Kg3
Rc2 53. c4 Rc3+ 54. Kg4 Rc1 55. c5 Rg1+ 56. Kf4 Rh1 57. Rc7+ Kf6 58. Rc6+ Kg7
1/2-1/2

[Event "Quebec-ch U20"]
[Site "Montreal CAN"]
[Date "2000.06.06"]
[Round "1"]
[White "Roussel-Roozmon, Thomas"]
[Black "Pescarus, Radu"]
[Result "0-1"]
[WhiteElo "2218"]
[BlackElo "2052"]
[PlyCount "64"]
[EventDate "2000.06.06"]
[EventType "tourn"]
[EventRounds "7"]
[EventCountry "CAN"]

1. d4 Nf6 2. c4 e6 3. Nc3 Bb4 4. Nf3 O-O 5. g3 d5 6. Bg2 c5 7. a3 Bxc3+ 8. bxc3
dxc4 9. Ne5 cxd4 10. Qxd4 Qxd4 11. cxd4 c3 12. O-O Nd5 13. Nc4 Nc6 14. e4 Nf6
15. Rd1 Rd8 16. d5 exd5 17. exd5 Bg4 18. f3 Be6 19. Bg5 Rxd5 20. Bxf6 gxf6 21.
Rxd5 Bxd5 22. Ne3 Be6 23. Rb1 Nd4 24. Kf2 Rc8 25. Rc1 Nb3 26. Rc2 Nd4 27. Rc1
b5 28. f4 a5 29. Nd5 Bxd5 30. Bxd5 b4 31. axb4 axb4 32. Ke3 b3 0-1

[Event "Quebec-ch U20"]
[Site "Montreal CAN"]
[Date "2000.06.07"]
[Round "3"]
[White "Feoktistov, Dmitri"]
[Black "Roussel-Roozmon, Thomas"]
[Result "1-0"]
[WhiteElo "1941"]
[BlackElo "2218"]
[PlyCount "67"]
[EventDate "2000.06.06"]
[EventType "tourn"]
[EventRounds "7"]
[EventCountry "CAN"]

1. d4 Nf6 2. c4 e6 3. Nc3 Bb4 4. Qc2 c5 5. Nf3 d5 6. e3 cxd4 7. exd4 Nc6 8. Be3
O-O 9. Bd3 dxc4 10. Bxc4 b6 11. a3 Bxc3+ 12. bxc3 Bb7 13. Bg5 h6 14. Bh4 Na5
15. Ba2 Be4 16. Qe2 Bd5 17. Ne5 Qc7 18. c4 Ne4 19. O-O Bb7 20. Rac1 Qd6 21. Qe3
g5 22. f3 f5 23. c5 Qe7 24. Ng6 Qf6 25. Nxf8 Rxf8 26. Be1 Ba6 27. Bxa5 Bxf1 28.
Rxf1 bxa5 29. fxe4 f4 30. e5 Qg6 31. Qb3 Re8 32. c6 Qe4 33. Qc3 Kf7 34. c7 1-0

[Event "Quebec-ch U20"]
[Site "Montreal CAN"]
[Date "2000.06.07"]
[Round "4"]
[White "Roussel-Roozmon, Thomas"]
[Black "Masse, Hugues"]
[Result "1-0"]
[WhiteElo "2218"]
[BlackElo "1938"]
[PlyCount "69"]
[EventDate "2000.06.06"]
[EventType "tourn"]
[EventRounds "7"]
[EventCountry "CAN"]

1. d4 f5 2. c4 Nf6 3. g3 g6 4. Bg2 Bg7 5. Nf3 O-O 6. O-O d6 7. Nc3 Qe8 8. d5
Na6 9. Rb1 Nc5 10. b4 Nce4 11. Bb2 e5 12. dxe6 Bxe6 13. Nxe4 Nxe4 14. Bxg7 Kxg7
15. Qd4+ Kg8 16. Rfc1 Bf7 17. Nd2 Nxd2 18. Qxd2 Rb8 19. c5 dxc5 20. bxc5 c6 21.
Rc2 Qe7 22. Qa5 a6 23. Rcb2 Qd7 24. Rb6 Bd5 25. Bxd5+ Qxd5 26. Rxb7 Rxb7 27.
Rxb7 Qd1+ 28. Kg2 Qxe2 29. Qc3 Qe4+ 30. f3 Qe2+ 31. Kh3 Qf1+ 32. Kh4 Rf7 33.
Qb3 g5+ 34. Kxg5 h6+ 35. Kg6 1-0

[Event "Quebec-ch U20"]
[Site "Montreal CAN"]
[Date "2000.06.08"]
[Round "5"]
[White "Cormos, Eugene"]
[Black "Roussel-Roozmon, Thomas"]
[Result "1-0"]
[WhiteElo "2009"]
[BlackElo "2218"]
[PlyCount "81"]
[EventDate "2000.06.06"]
[EventType "tourn"]
[EventRounds "7"]
[EventCountry "CAN"]

1. e4 c6 2. d4 d5 3. Nd2 dxe4 4. Nxe4 Bf5 5. Ng3 Bg6 6. Nf3 Nd7 7. h4 h6 8. h5
Bh7 9. Bd3 Bxd3 10. Qxd3 Ngf6 11. O-O Qc7 12. c4 O-O-O 13. Be3 e6 14. Qd2 Bd6
15. Ne2 Nxh5 16. c5 Be7 17. b4 g5 18. Qb2 Bf6 19. Qa3 Kb8 20. Rab1 Ng7 21. b5
Nf5 22. Rb4 cxb5 23. Rxb5 Ne7 24. Rfb1 b6 25. Nc3 Kb7 26. Ne4 Nc8 27. Rc1 Qc6
28. Nxf6 Nxf6 29. Qb2 Qe8 30. a4 Nd5 31. a5 f6 32. axb6 axb6 33. Nd2 Na7 34.
Rxb6+ Nxb6 35. Qxb6+ Ka8 36. Ra1 Rh7 37. c6 Rb8 38. Qc5 Qe7 39. Qc2 Rc8 40. d5
Qd6 41. Qxh7 1-0

[Event "Quebec-ch U20"]
[Site "Montreal CAN"]
[Date "2000.06.08"]
[Round "6"]
[White "Roussel-Roozmon, Thomas"]
[Black "Laframboise, Marc-Andre"]
[Result "1/2-1/2"]
[WhiteElo "2218"]
[BlackElo "2084"]
[PlyCount "106"]
[EventDate "2000.06.06"]
[EventType "tourn"]
[EventRounds "7"]
[EventCountry "CAN"]

1. d4 Nf6 2. c4 g6 3. Nc3 Bg7 4. e4 d6 5. f3 O-O 6. Be3 e5 7. Nge2 exd4 8. Nxd4
Nc6 9. Be2 Nd7 10. O-O Nde5 11. Qd2 Nxd4 12. Bxd4 Be6 13. Nd5 Bxd5 14. exd5 f5
15. f4 Nd7 16. Bf2 Qf6 17. Rab1 Rfe8 18. Bf3 b6 19. b3 a5 20. Rfe1 Qc3 21. Qxc3
Bxc3 22. Rxe8+ Rxe8 23. g3 Ra8 24. Kf1 a4 25. b4 a3 26. Rb3 Bb2 27. Ke2 Kf7 28.
h3 h5 29. Be1 Kg7 30. Bc3+ Bxc3 31. Rxc3 Kf7 32. Kd2 Ra4 33. Rb3 Kg7 34. Kc3
Ra8 35. Rb1 Re8 36. Rd1 Kf7 37. Rd3 Kg7 38. Kb3 Ra8 39. Re3 Kf7 40. Bd1 Nf6 41.
Bf3 Kg7 42. b5 Kf7 43. Kb4 Ra7 44. Rxa3 Rxa3 45. Kxa3 Nd7 46. Kb4 Nc5 47. Kc3
Kf6 48. Kd4 Kg7 49. g4 h4 50. gxf5 gxf5 51. Kc3 Kg6 52. Be2 Nb7 53. Kb4 Kh6
1/2-1/2

[Event "Quebec-ch U20"]
[Site "Montreal CAN"]
[Date "2000.06.09"]
[Round "7"]
[White "Gottlieb, Jonathan"]
[Black "Roussel-Roozmon, Thomas"]
[Result "1-0"]
[WhiteElo "2043"]
[BlackElo "2218"]
[PlyCount "71"]
[EventDate "2000.06.06"]
[EventType "tourn"]
[EventRounds "7"]
[EventCountry "CAN"]

1. e4 c6 2. d4 d5 3. exd5 cxd5 4. Bd3 Nc6 5. c3 Nf6 6. Bf4 Bg4 7. Nf3 e6 8.
Nbd2 Bd6 9. Bg3 Rc8 10. O-O Bxg3 11. fxg3 Qb6 12. Qb3 Qxb3 13. Nxb3 Ne7 14. Ne5
Bf5 15. Bb5+ Kf8 16. Nc5 a6 17. Be2 Nc6 18. Nxb7 Nxe5 19. dxe5 Ne4 20. Bxa6 Rc6
21. Bd3 Rb6 22. Bxe4 Bxe4 23. Nd6 Bg6 24. Rf4 Ke7 25. Ra4 Rhb8 26. b4 f6 27.
Ra7+ Kf8 28. Rf1 Kg8 29. a4 fxe5 30. Rd7 Rc6 31. a5 Rxc3 32. a6 Ra3 33. a7 Ra8
34. Nb5 Ra4 35. Rb7 Bd3 36. Rb8+ 1-0

[Event "Quebec-ch 1/8 final"]
[Site "Montreal CAN"]
[Date "2000.06.02"]
[Round "1"]
[White "Bolduc, Steve"]
[Black "Roussel-Roozmon, Thomas"]
[Result "1-0"]
[WhiteElo "2229"]
[BlackElo "2068"]
[PlyCount "103"]
[EventDate "2000.06.02"]
[EventType "swiss"]
[EventRounds "5"]
[EventCountry "CAN"]

1. g3 e5 2. Bg2 Nc6 3. d3 g6 4. Nf3 Bg7 5. e4 d6 6. Bg5 f6 7. Be3 f5 8. exf5
Bxf5 9. Nh4 Be6 10. O-O Nge7 11. c3 O-O 12. Qd2 Qd7 13. Bh6 Bh3 14. Bxg7 Kxg7
15. Na3 Bxg2 16. Nxg2 Nf5 17. Nc2 Rae8 18. Rae1 Rf7 19. Nce3 Nxe3 20. fxe3 Ref8
21. b4 Rxf1+ 22. Rxf1 Rxf1+ 23. Kxf1 Qf5+ 24. Kg1 Ne7 25. e4 Qe6 26. Ne3 c6 27.
Qc2 b5 28. Qb2 Ng8 29. Qa3 Qd7 30. Qa5 Nf6 31. a4 bxa4 32. Qxa4 Qc7 33. Kg2 d5
34. exd5 cxd5 35. c4 dxc4 36. dxc4 Qb7+ 37. Kg1 Ne4 38. Qa5 Qb8 39. c5 Kf8 40.
c6 Qb6 41. Qxb6 axb6 42. Nd5 Ke8 43. Nxb6 Kd8 44. Nd5 Nd6 45. Kf2 h5 46. Ke3
Kc8 47. c7 g5 48. b5 Nxb5 49. Ke4 h4 50. g4 Nd4 51. Kxe5 Nf3+ 52. Kd6 1-0

[Event "Quebec-ch 1/8 final"]
[Site "Montreal CAN"]
[Date "2000.06.03"]
[Round "2"]
[White "Roussel-Roozmon, Thomas"]
[Black "Marcone, Malcom"]
[Result "1-0"]
[WhiteElo "2068"]
[BlackElo "2008"]
[PlyCount "55"]
[EventDate "2000.06.02"]
[EventType "swiss"]
[EventRounds "5"]
[EventCountry "CAN"]

1. d4 Nf6 2. c4 c5 3. d5 b5 4. cxb5 a6 5. bxa6 g6 6. b3 Bg7 7. Bb2 Nxa6 8. Nc3
Bb7 9. Qd2 Qa5 10. Rd1 O-O 11. e4 e6 12. Bc4 exd5 13. exd5 Nc7 14. Nge2 d6 15.
O-O Nd7 16. f4 Nb6 17. f5 Nxc4 18. bxc4 Rfb8 19. Ba1 Ba6 20. fxg6 fxg6 21. Qf4
Rf8 22. Qxd6 Bxc4 23. Qc6 Rxf1+ 24. Rxf1 Nxd5 25. Nxd5 Bxa1 26. Qe6+ Kh8 27.
Rxa1 Qd2 28. Qf6+ 1-0

[Event "Quebec-ch 1/8 final"]
[Site "Montreal CAN"]
[Date "2000.06.03"]
[Round "3"]
[White "Chabot, Roland"]
[Black "Roussel-Roozmon, Thomas"]
[Result "1/2-1/2"]
[WhiteElo "2201"]
[BlackElo "2068"]
[PlyCount "99"]
[EventDate "2000.06.02"]
[EventType "swiss"]
[EventRounds "5"]
[EventCountry "CAN"]

1. d4 Nf6 2. c4 e6 3. Nc3 Bb4 4. e3 c5 5. Bd3 Nc6 6. Nf3 cxd4 7. exd4 d5 8. O-O
dxc4 9. Bxc4 O-O 10. a3 Be7 11. Bd3 b6 12. Bc2 Ba6 13. Re1 Rc8 14. Ba4 Nd5 15.
Ne4 Qc7 16. Bd2 Bd3 17. Rc1 Qb7 18. Ng3 Bg6 19. Qe2 Bf6 20. h4 h6 21. h5 Bh7
22. Ne4 Rfd8 23. Bb5 Bxe4 24. Qxe4 Nce7 25. Rxc8 Rxc8 26. Bd3 Nf5 27. g4 Nd6
28. Qh7+ Kf8 29. Bb1 Nc3 30. Ne5 Nxb1 31. Bb4 Ke7 32. Rxb1 Qc7 33. Bc3 Nc4 34.
Bb4+ Nd6 35. Bc3 Nc4 36. Re1 a5 37. a4 Qb7 38. Qd3 Qd5 39. Qe2 Bxe5 40. dxe5
Rd8 41. f3 Nd2 42. Kg2 Nb3 43. Qf2 Nc5 44. Qh4+ Ke8 45. g5 hxg5 46. Qxg5 Nxa4
47. Qxg7 Nxc3 48. bxc3 Qd2+ 49. Kf1 Qh2 50. Qg8+ 1/2-1/2

[Event "Quebec-ch 1/8 final"]
[Site "Montreal CAN"]
[Date "2000.06.04"]
[Round "4"]
[White "Roussel-Roozmon, Thomas"]
[Black "Cloutier, Mario"]
[Result "1-0"]
[WhiteElo "2078"]
[BlackElo "1960"]
[PlyCount "47"]
[EventDate "2000.06.02"]
[EventType "swiss"]
[EventRounds "5"]
[EventCountry "CAN"]

1. d4 d5 2. c4 c6 3. Nc3 e5 4. dxe5 d4 5. Ne4 Qa5+ 6. Bd2 Qxe5 7. Ng3 Bc5 8.
Nf3 Qe7 9. Qb1 Bg4 10. b4 Bxf3 11. gxf3 Bb6 12. Nf5 Qf6 13. c5 Bc7 14. Qe4+ Ne7
15. Nxd4 Be5 16. e3 O-O 17. Rd1 Bxd4 18. Qxd4 Qxf3 19. Rg1 Nf5 20. Qd3 Ne7 21.
Be2 Qf5 22. Bc3 f6 23. Qd6 Nd5 24. Bg4 1-0

[Event "Quebec-ch 1/8 final"]
[Site "Montreal CAN"]
[Date "2000.06.04"]
[Round "5"]
[White "Prahov, Valentin"]
[Black "Roussel-Roozmon, Thomas"]
[Result "1/2-1/2"]
[WhiteElo "2180"]
[BlackElo "2068"]
[PlyCount "124"]
[EventDate "2000.06.02"]
[EventType "swiss"]
[EventRounds "5"]
[EventCountry "CAN"]

1. e4 e5 2. Nf3 Nc6 3. Bc4 Bc5 4. c3 Nf6 5. b4 Bb6 6. d3 d6 7. h3 h6 8. O-O O-O
9. Nbd2 Be6 10. a4 a6 11. Bxe6 fxe6 12. Nc4 Ba7 13. Be3 Bxe3 14. fxe3 Qe8 15.
Qb3 Ne7 16. b5 Qd7 17. bxa6 bxa6 18. Rab1 Nc6 19. Ncd2 Kh7 20. d4 exd4 21. cxd4
Rfb8 22. Qc2 e5 23. Rbc1 Rb6 24. d5 Nb4 25. Qxc7 Rb7 26. Qxd7 Rxd7 27. a5 Rad8
28. Rc4 Nd3 29. Rb1 Re7 30. Rc6 Nc5 31. Rbb6 Nfxe4 32. Nxe4 Nxe4 33. Rxa6 Red7
34. Rab6 Nf6 35. Rb5 Kg6 36. Rc4 Ra7 37. Nd2 h5 38. g3 Rda8 39. Nb3 Kf5 40. Kf2
g5 41. Rbb4 g4 42. h4 Rf7 43. Ke2 e4 44. Nd4+ Ke5 45. Rb5 Nxd5 46. Nc6+ Ke6 47.
Rxe4+ Kd7 48. Rxd5 Kxc6 49. Rxh5 Rb8 50. Rc4+ Kd7 51. Rg5 Rb2+ 52. Kd3 Rff2 53.
Rd4 Rb3+ 54. Ke4 Rf3 55. Rxg4 Rbxe3+ 56. Kd5 Rf5+ 57. Kc4 Rxa5 58. Rg7+ Kc6 59.
Rd3 d5+ 60. Kd4 Re4+ 61. Kc3 Ra3+ 62. Kd2 Ra2+ 1/2-1/2

[Event "CAN-ch U20 2000"]
[Site "Montreal CAN"]
[Date "2000.05.03"]
[Round "1"]
[White "Roussel-Roozmon, Thomas"]
[Black "Caire, Francois"]
[Result "1-0"]
[WhiteElo "2088"]
[BlackElo "1799"]
[PlyCount "87"]
[EventDate "2000.05.03"]
[EventType "swiss"]
[EventRounds "8"]
[EventCountry "CAN"]

1. d4 Nf6 2. c4 e6 3. Nc3 Bb4 4. Nf3 b6 5. g3 Bb7 6. Bg2 c5 7. O-O cxd4 8. Qxd4
O-O 9. Rd1 Nc6 10. Qd3 Bc5 11. Bg5 d5 12. cxd5 Nb4 13. Qb1 Nbxd5 14. Nxd5 exd5
15. Nd4 h6 16. Bxf6 Qxf6 17. e3 Rfd8 18. Qd3 Rac8 19. Qb3 Qe5 20. Bh3 Ra8 21.
Rd2 Bc8 22. Bg2 Bxd4 23. Rxd4 Be6 24. Rad1 Qf6 25. Bxd5 Bxd5 26. Rxd5 Rac8 27.
R1d2 Rxd5 28. Qxd5 a5 29. Kg2 Qc6 30. Qxc6 Rxc6 31. Rd8+ Kh7 32. Rb8 Kg6 33. e4
Kf6 34. Rb7 Ke6 35. Kf3 g6 36. Ke3 f6 37. h4 Ke5 38. f4+ Ke6 39. h5 gxh5 40.
f5+ Kd6 41. Kd4 Rc2 42. Rxb6+ Ke7 43. Rb7+ Kf8 44. Kd5 1-0